Financial accounting theory and standards (Record no. 63070)

MARC details
000 -LEADER
fixed length control field 00996nam a2200181 a 4500
008 - FIXED-LENGTH DATA ELEMENTS--GENERAL INFORMATION
fixed length control field 120416s1983 ||||||||||||||||| || u
050 ## - LIBRARY OF CONGRESS CALL NUMBER
Classification number HF 5635 Har
100 ## - MAIN ENTRY--PERSONAL NAME
Personal name Harvey, Mike
245 10 - TITLE STATEMENT
Title Financial accounting theory and standards
250 ## - EDITION STATEMENT
Edition statement 2nd ed.
260 ## - PUBLICATION, DISTRIBUTION, ETC.
Place of publication, distribution, etc. Englewood Cliffs, N.J.
Name of publisher, distributor, etc. FT Prentice-Hall
Date of publication, distribution, etc. 1983
300 ## - PHYSICAL DESCRIPTION
Extent x, 214p. : ill
350 ## -
-- 0.00
995 ## -
-- TEXTBOOKS (SB)
-- 0.00
-- 01204
-- CBU-SCHOOL TEXTBOOK COLLECTIONS
-- 1
-- 0.00
-- SCHOOL TEXTBOOK
-- 4
-- AVAILABLE
-- Sep 17, 2009
-- 01204
-- School Collections
995 ## -
-- TEXTBOOKS (SB)
-- 0.00
-- 01203
-- CBU-SCHOOL TEXTBOOK COLLECTIONS
-- 1
-- 0.00
-- SCHOOL TEXTBOOK
-- 3
-- AVAILABLE
-- Sep 17, 2009
-- 01203
-- School Collections
995 ## -
-- MAIN LIBRARY OPEN ACCESS
-- 0.00
-- 708569
-- CBU-MAIN LIBRARY (Kitwe)
-- 2
-- 8.95
-- HF 5635 Har
-- 2
-- AVAILABLE
-- 020121
-- Main Library Open Access Collection
995 ## -
-- TEXTBOOKS (SB)
-- 0.00
-- 1987
-- CBU-SCHOOL TEXTBOOK COLLECTIONS
-- 1
-- 0.00
-- SCHOOL TEXTBOOK
-- 5
-- AVAILABLE
-- Sep 18, 2009
-- 1987
-- School Collections
999 ## -
-- 63070
-- 63070
Holdings
Withdrawn status Lost status Source of classification or shelving scheme Damaged status Not for loan Permanent Location Current Location Shelving location Date acquired Total Checkouts Full call number Barcode Date last seen Price effective from Koha item type
          CBU-MAIN LIBRARY, KITWE. CBU-MAIN LIBRARY, KITWE.   12/24/2022   HF 5635 Har 020121 12/24/2022 12/24/2022 MONOGRAPH
          CBU-SCHOOL TEXT BOOK COLLECTION CBU-SCHOOL TEXT BOOK COLLECTION   12/24/2022   SCHOOL TEXTBOOKr 01204 12/24/2022 12/24/2022 MONOGRAPH
          CBU-SCHOOL TEXT BOOK COLLECTION CBU-SCHOOL TEXT BOOK COLLECTION   12/24/2022   SCHOOL TEXTBOOK 01203 12/24/2022 12/24/2022 MONOGRAPH
          CBU-SCHOOL TEXT BOOK COLLECTION CBU-SCHOOL TEXT BOOK COLLECTION   12/24/2022   SCHOOL TEXTBOOK 1987 12/24/2022 12/24/2022 MONOGRAPH